000 00616cam a22002293a 4500
001 39822
003 PGUSA
005 20140828083904.0
008 120527s2012||||xxu|||||s|||||000 | eng d
040 _aPGUSA
_beng
042 _adc
100 1 _aFeindel, E.
245 1 0 _aTics and Their Treatment
_h[electronic resource] /
_cE. Feindel
260 _bProject Gutenberg,
_c2012
506 _aPublic domain in the USA.
516 _aElectronic text
700 1 _aWilson, S.A.K.
700 1 _aBrissard, E.
830 0 _aProject Gutenberg
_v39822
856 4 0 _uhttp://www.gutenberg.org/ebooks/39822
942 _cEB
999 _c269075
_d269075